| 000 | 00415nam a22001577a 4500 | ||
|---|---|---|---|
| 008 | 160919b xxu||||| |||| 00| 0 eng d | ||
| 020 | _a9789381308554 | ||
| 082 | _2347.077 GUP | ||
| 100 | _aGupta, Rajesh | ||
| 245 |
_aArt of writng judgements / _cRajesh Gupta |
||
| 250 | _a4th | ||
| 260 |
_aDelhi : _bDelhi law house , _c2015 |
||
| 300 |
_alxxxvi, 429p. ; _c24cm. |
||
| 500 | _aIncludes index | ||
| 942 |
_2ddc _cBK |
||
| 999 |
_c8497 _d8497 |
||